| 000 | 00578nam a2200169Ia 4500 | ||
|---|---|---|---|
| 008 | 090711s9999 xx 000 0 und d | ||
| 082 | _b56446 | ||
| 100 | _aर्रिSाडस् जे.सी. | ||
| 245 | _aसंभाषणकला | ||
| 260 |
_bआँक्सफर्ड युनिवर्सिटीं प्रेस _c1982 |
||
| 300 | _a55 | ||
| 600 | _aर्रिSाडस् जे.सी. | ||
| 630 | _aसंभाषणकला | ||
| 700 | _aर्रिSाडस् जे.सी. | ||
| 730 | _aसंभाषणकला | ||
| 942 | _cBOOK | ||
| 999 |
_c328488 _d328488 |
||